| 000 | 00573nam a2200169Ia 4500 | ||
|---|---|---|---|
| 008 | 180921t2019 xxu||||| |||| 00| 0 sin d | ||
| 041 | _asin | ||
| 080 |
_aX 92 න _b92 නිශ්ශ |
||
| 100 | _aනිශ්ශංක, කල්යාණි පී. | ||
| 245 | _aමහෞෂධ පඬිතුමා | ||
| 246 | _aMahauṣhadha panḍituma | ||
| 260 |
_bවාසනා පොත් ප්රකාශකයෝ _aදංකොටුව _c2019 |
||
| 300 | _bපි.48, සෙ.මී.21 | ||
| 942 | _cBK | ||
| 999 |
_c6870 _d6870 |
||
| 003 | LK-CoDNM | ||
| 040 |
_aLK-CoDNM _dLK-CoDNM _eLK-CoDNM |
||